000 00659nam a2200253Ia 4500
005 20260121153834.0
008 008 260114s9999 xx 000 0 eng d
020 _a9780429173103
037 _aEBOOK
040 _aCRL
040 _beng
040 _cCRL
041 _2eng
041 _aeng
084 _qCRL
100 _aVictor Manuel de Matos Lobo; Georges Geuskens; Charles A. Wilkie
_9999768
245 0 _aHandbook of Research on Functional Materials
260 _bTaylor and Francis
260 _c2014
856 _uhttp://www.taylorfrancis.com/books/9780429173103
942 _cEBOOK
999 _c1566589
_d1566589